Studies in Slavic morphophonemics and accentology /

Bibliographic Details
Main Author: Stankiewicz, Edward
Format: Book
Language:English
Published: Ann Arbor : Michigan Slavic Publications, [1979]
Series:Michigan Slavic materials ; no. 16.
Subjects:

MARC

Tag First Indicator Second Indicator Subfields
LEADER 00000pam a2200000 i 4500
001 in00000079405
005 20151008052840.0
008 790605s1979 miu b 00110 eng
010 |a  79016008  
020 |a 0930042301 :  |c $9.50 
035 |a (OCoLC)05101176 
035 |9 AAH5161AM 
040 |a DLC  |c DLC  |d TXA  |d UtOrBLW 
049 |a TXAM  |c [1383271] 
050 0 0 |a PG13  |b .M46 no. 16  |a PG101 
082 0 |a 491/.8 s  |a 491/.8 
100 1 |a Stankiewicz, Edward. 
245 1 0 |a Studies in Slavic morphophonemics and accentology /  |c Edward Stankiewicz. 
264 1 |a Ann Arbor :  |b Michigan Slavic Publications,  |c [1979] 
264 4 |c ©1979 
300 |a ix, 266 pages ;  |c 24 cm. 
336 |a text  |b txt  |2 rdacontent 
337 |a unmediated  |b n  |2 rdamedia 
338 |a volume  |b nc  |2 rdacarrier 
490 1 |a Michigan Slavic materials ;  |v no. 16 
504 |a Includes bibliographies and index. 
650 0 |a Slavic languages  |x Morphophonemics. 
650 0 |a Slavic languages  |x Accents and accentuation. 
830 0 |a Michigan Slavic materials ;  |v no. 16. 
999 |a MARS 
999 f f |s d5a91fd3-38ec-310d-9b0a-f89c8bce6123  |i 64d0ab03-4fbc-3686-97cf-6bafef00bd00  |t 0 
952 f f |p ric  |a Texas A&M University  |b Rellis Campus  |c Joint Library Facility  |s JLF  |d Remote Storage  |t 0  |e PG13 .M46 no.16  |h Library of Congress classification  |i unmediated -- volume  |m A14803612308 
998 f f |a PG13 .M46 no.16  |t 0  |l Remote Storage